000
00285nam a22001217a 4500
003
OSt
005
20231006183316.0
008
231006b |||||||| |||| 00| 0 eng d
040
_a
CO-JMCR
_c
CO-JMCR
082
0
4
_a
N /
245
_a
El caballero de la armadura oxidada /
942
_2
ddc
_c
BK
999
_c
30272
_d
16656